[Event "Calvia Open Aficionados 2015"]
[Site "Calvia ESP"]
[Date "2015.10.18"]
[Round "9.2"]
[White "Ballesteros Gonzalez, David"]
[Black "Olhovik, Andrei"]
[Result "0-1"]
[WhiteElo "2157"]
[BlackElo "2285"]
[PlyCount "104"]
[EventDate "2015.10.10"]
[EventType "swiss"]
[EventRounds "9"]
[EventCountry "ESP"]
[Source "lmi"]
[SourceDate "2015.10.10"]

1. d4 Nf6 2. Nf3 e6 3. c4 b6 4. g3 Bb4+ 5. Bd2 Be7 6. Bg2 Bb7 7. Nc3 O-O 8. Qc2
d5 9. Ne5 c6 10. cxd5 exd5 11. O-O Nbd7 12. f4 c5 13. e3 Rc8 14. Bh3 a6 15. Qd3
c4 16. Qe2 Rc7 17. a3 Re8 18. Qg2 Nf8 19. g4 Ne4 20. Nxe4 dxe4 21. g5 Ng6 22.
Nxg6 hxg6 23. Bg4 Bc8 24. Bc3 Qd5 25. h4 Bxg4 26. Qxg4 Qf5 27. Qg3 b5 28. Kg2
Rb7 29. Rf2 Reb8 30. Qh3 Bd8 31. Qxf5 gxf5 32. d5 Bb6 33. Rd1 Bxe3 34. Re2 Bc5
35. Ba5 Rd7 36. Red2 Be3 37. d6 Bxd2 38. Rxd2 Re8 39. Bc7 g6 40. Kf1 f6 41. Ke2
Kf7 42. Ke3 Rc8 43. Rh2 Rh8 44. Kd4 fxg5 45. fxg5 Ke6 46. Kc5 f4 47. Kd4 Kf5
48. Kd5 e3 49. Bb6 Re8 50. Kc6 e2 51. Ba5 Rdd8 52. d7 e1=Q 0-1

[Event "Calvia Open Aficionados 2015"]
[Site "Calvia ESP"]
[Date "2015.10.18"]
[Round "9.3"]
[White "Gromovs, Sergejs"]
[Black "Smirnov, Aleksander"]
[Result "1-0"]
[WhiteElo "2196"]
[BlackElo "2145"]
[PlyCount "66"]
[EventDate "2015.10.10"]
[EventType "swiss"]
[EventRounds "9"]
[EventCountry "ESP"]
[Source "lmi"]
[SourceDate "2015.10.10"]

1. d4 d5 2. c4 dxc4 3. Nf3 c5 4. e3 cxd4 5. Bxc4 Qc7 6. Qb3 e6 7. exd4 a6 8.
Nc3 Nc6 9. Be2 Nf6 10. Bg5 Na5 11. Qd1 Bb4 12. Qa4+ Nc6 13. Rc1 Qa5 14. Qxa5
Bxa5 15. O-O Bd7 16. Rfd1 h6 17. Bxf6 gxf6 18. d5 Nb4 19. a3 Nxd5 20. Nxd5 exd5
21. Rxd5 Bd8 22. Nd4 Rg8 23. Bh5 Rg7 24. Re1+ Be7 25. Bf3 Rd8 26. b4 Kf8 27. g3
b6 28. h4 a5 29. bxa5 bxa5 30. Rxa5 f5 31. Nxf5 Bxf5 32. Rxf5 Bxa3 33. Bd5 Bd6
1-0

[Event "Calvia Open Aficionados 2015"]
[Site "Calvia ESP"]
[Date "2015.10.18"]
[Round "9.4"]
[White "Cip, Dalibor"]
[Black "Galiana Salom, Juan Ramon"]
[Result "1-0"]
[WhiteElo "2146"]
[BlackElo "2226"]
[PlyCount "69"]
[EventDate "2015.10.10"]
[EventType "swiss"]
[EventRounds "9"]
[EventCountry "ESP"]
[Source "lmi"]
[SourceDate "2015.10.10"]

1. Nf3 d5 2. g3 Bf5 3. Bg2 e6 4. c4 Nf6 5. O-O Nc6 6. d4 Nb4 7. Na3 Be4 8. Bd2
c6 9. c5 Na6 10. b4 Nc7 11. Nb1 Nb5 12. Be1 h6 13. a4 Nc7 14. Nc3 Bh7 15. Qb3
Be7 16. b5 Rb8 17. Bd2 g5 18. Ne5 Nd7 19. f4 Nxe5 20. fxe5 O-O 21. Bh3 Ne8 22.
Nd1 Ng7 23. Nf2 h5 24. Nd3 Nf5 25. Qc3 Kh8 26. Bg2 Rg8 27. Rab1 Qf8 28. bxc6
Nxd4 29. Qxd4 Bxd3 30. Qxd3 Bxc5+ 31. Kh1 Qg7 32. Rxb7 Rxb7 33. cxb7 Rb8 34.
Qb5 Bd4 35. Qd7 1-0

[Event "Calvia Open Aficionados 2015"]
[Site "Calvia ESP"]
[Date "2015.10.18"]
[Round "9.5"]
[White "Fruebing, Thomas"]
[Black "Melderis, Uldis"]
[Result "1/2-1/2"]
[WhiteElo "2114"]
[BlackElo "1987"]
[PlyCount "59"]
[EventDate "2015.10.10"]
[EventType "swiss"]
[EventRounds "9"]
[EventCountry "ESP"]
[Source "lmi"]
[SourceDate "2015.10.10"]

1. e4 e6 2. d4 d5 3. Nc3 dxe4 4. Nxe4 Bd7 5. Bd3 Bc6 6. Nf3 Be7 7. Bf4 Bxe4 8.
Bxe4 c6 9. c3 Nf6 10. Qc2 Nxe4 11. Qxe4 Qd5 12. Qxd5 cxd5 13. Bxb8 Rxb8 14. Kd2
Bf6 15. Ne1 Kd7 16. Nd3 g6 17. Rhe1 h5 18. h3 Kd6 19. a4 Rhc8 20. Ra3 Rc7 21.
g3 Bg7 22. h4 Re8 23. Rb3 f6 24. a5 e5 25. Rb5 Kc6 26. Rc5+ Kd6 27. Rb5 Kc6 28.
Rc5+ Kd6 29. Rb5 Kc6 30. Rc5+ 1/2-1/2

[Event "Calvia Open Aficionados 2015"]
[Site "Calvia ESP"]
[Date "2015.10.18"]
[Round "9.6"]
[White "Grichkevitch, Gilles"]
[Black "Hajenius, Willem"]
[Result "1-0"]
[WhiteElo "2047"]
[BlackElo "1923"]
[PlyCount "63"]
[EventDate "2015.10.10"]
[EventType "swiss"]
[EventRounds "9"]
[EventCountry "ESP"]
[Source "lmi"]
[SourceDate "2015.10.10"]

1. e4 c5 2. Nf3 Nf6 3. Nc3 Nc6 4. Bb5 Nd4 5. e5 Nxb5 6. Nxb5 Nd5 7. Ng5 e6 8.
Ne4 a6 9. Nbd6+ Bxd6 10. Nxd6+ Kf8 11. d3 Qe7 12. c4 Nc7 13. Qf3 Kg8 14. Bg5
Qf8 15. O-O-O Ne8 16. Nxc8 Rxc8 17. Qxb7 Rc7 18. Qxa6 h6 19. Be3 Rc6 20. Qa8
Qe7 21. d4 cxd4 22. Rxd4 Kh7 23. Qa4 Nc7 24. Qc2+ g6 25. Qd2 Nd5 26. Bxh6 Rhc8
27. b3 Kg8 28. Bg5 Qa3+ 29. Kb1 Nb6 30. Rc1 Rb8 31. Qb2 Qb4 32. c5 1-0

[Event "Calvia Open Aficionados 2015"]
[Site "Calvia ESP"]
[Date "2015.10.18"]
[Round "9.8"]
[White "Lazarte Anello, David Emiliano"]
[Black "Svensson, Leif 1940"]
[Result "1-0"]
[WhiteElo "1965"]
[BlackElo "2118"]
[PlyCount "47"]
[EventDate "2015.10.10"]
[EventType "swiss"]
[EventRounds "9"]
[EventCountry "ESP"]
[Source "lmi"]
[SourceDate "2015.10.10"]

1. e4 e5 2. Nf3 Nc6 3. d4 exd4 4. Nxd4 Nf6 5. Nc3 Bb4 6. Nxc6 bxc6 7. Bd3 d5 8.
exd5 cxd5 9. O-O O-O 10. Bg5 c6 11. Qf3 Be7 12. h3 Rb8 13. b3 Be6 14. Rad1 Nd7
15. Bf4 Ra8 16. Ne2 g5 17. Bh2 c5 18. c4 d4 19. Be4 Nf6 20. Bxa8 g4 21. hxg4
Qxa8 22. Qxa8 Rxa8 23. f3 Nd7 24. Rfe1 1-0

[Event "Calvia Open Aficionados 2015"]
[Site "Calvia ESP"]
[Date "2015.10.18"]
[Round "9.9"]
[White "Lacrosse, Marc"]
[Black "Delaere, Koen"]
[Result "1-0"]
[WhiteElo "2141"]
[BlackElo "1959"]
[PlyCount "65"]
[EventDate "2015.10.10"]
[EventType "swiss"]
[EventRounds "9"]
[EventCountry "ESP"]
[Source "lmi"]
[SourceDate "2015.10.10"]

1. d4 d5 2. c4 c6 3. Nf3 Nf6 4. Nc3 dxc4 5. a4 Bf5 6. Ne5 Nbd7 7. Nxc4 Qc7 8.
g3 Nd5 9. Bg2 e6 10. e4 Nxc3 11. bxc3 Bg6 12. Bf4 e5 13. Nxe5 Nxe5 14. Bxe5 Qd7
15. O-O f6 16. Bf4 Be7 17. a5 O-O 18. Rb1 Bf7 19. Qa4 b5 20. axb6 axb6 21. Qc2
b5 22. d5 cxd5 23. exd5 Ra4 24. Rfd1 Rc8 25. Qd3 Rac4 26. d6 Bd8 27. Bd5 R4c5
28. Bxf7+ Kxf7 29. Qxh7 Qg4 30. d7 R8c6 31. Qh8 Re6 32. Qxd8 Rh5 33. Qa8 1-0

[Event "Calvia Open Aficionados 2015"]
[Site "Calvia ESP"]
[Date "2015.10.18"]
[Round "9.10"]
[White "Ponce Cano, Adrian"]
[Black "Dijon, Frederic"]
[Result "1/2-1/2"]
[WhiteElo "2135"]
[BlackElo "1965"]
[PlyCount "56"]
[EventDate "2015.10.10"]
[EventType "swiss"]
[EventRounds "9"]
[EventCountry "ESP"]
[Source "lmi"]
[SourceDate "2015.10.10"]

1. e4 c5 2. Nf3 Nc6 3. c3 d5 4. exd5 Qxd5 5. Na3 Nf6 6. Bc4 Qd8 7. O-O Bg4 8.
Qb3 e6 9. Ne1 Qb6 10. Qc2 Be7 11. h3 Bh5 12. d3 O-O 13. Be3 Qc7 14. d4 cxd4 15.
Nb5 Qc8 16. Nxd4 Nxd4 17. cxd4 Nd5 18. Qb3 Qd7 19. Nd3 Be2 20. Ne5 Bxc4 21.
Qxc4 Qc7 22. Qd3 Rad8 23. Qe2 Qb6 24. Nc4 Qa6 25. b3 Bf6 26. Ne5 Nc3 27. Qg4
Qe2 28. Nf3 Qb5 1/2-1/2

[Event "Calvia Open Aficionados 2015"]
[Site "Calvia ESP"]
[Date "2015.10.18"]
[Round "9.11"]
[White "Berendsen, Markus"]
[Black "Elishev, Ivan"]
[Result "0-1"]
[WhiteElo "1997"]
[BlackElo "2128"]
[PlyCount "78"]
[EventDate "2015.10.10"]
[EventType "swiss"]
[EventRounds "9"]
[EventCountry "ESP"]
[Source "lmi"]
[SourceDate "2015.10.10"]

1. c4 f5 2. g3 Nf6 3. Bg2 g6 4. Nc3 Bg7 5. d4 O-O 6. Nf3 d6 7. O-O c6 8. b3 Qe8
9. Bb2 h6 10. d5 c5 11. Qd2 a6 12. a4 g5 13. Rae1 Qg6 14. Qc2 Nbd7 15. e3 Rb8
16. Qb1 Ne4 17. Nxe4 Bxb2 18. Nexg5 hxg5 19. Qxb2 b5 20. axb5 axb5 21. Qc2 Nf6
22. h4 g4 23. Nd2 Ba6 24. Ra1 Rb6 25. Rfb1 Rfb8 26. Bf1 Nd7 27. Bd3 Ne5 28.
Bxf5 Qf6 29. Qe4 Rf8 30. Be6+ Kg7 31. Qf4 Qg6 32. Qg5 Qxg5 33. hxg5 Kg6 34.
cxb5 Bxb5 35. Ra7 Be2 36. Nf1 Rh8 37. Rb2 Bf3 38. Nh2 Rxh2 39. Kxh2 Rb8 0-1

[Event "Calvia Open Aficionados 2015"]
[Site "Calvia ESP"]
[Date "2015.10.18"]
[Round "9.13"]
[White "Wilson, Matthew R"]
[Black "Slovak, Pavel"]
[Result "1-0"]
[WhiteElo "1865"]
[BlackElo "2089"]
[PlyCount "85"]
[EventDate "2015.10.10"]
[EventType "swiss"]
[EventRounds "9"]
[EventCountry "ESP"]
[Source "lmi"]
[SourceDate "2015.10.10"]

1. e4 c5 2. Nc3 e6 3. f4 Nc6 4. Nf3 a6 5. d4 cxd4 6. Nxd4 Qc7 7. a3 b5 8. Nxc6
Qxc6 9. Bd3 Bb7 10. O-O Nf6 11. Qe2 Be7 12. f5 exf5 13. Rxf5 g6 14. Rf1 h5 15.
Bg5 Qc5+ 16. Be3 Qc6 17. Bg5 Qc5+ 18. Be3 Qe5 19. Bf4 Bc5+ 20. Kh1 Qe6 21. Qf3
O-O 22. Bh6 Rfe8 23. Qxf6 Qxf6 24. Rxf6 Bd4 25. Rf4 Be3 26. Nd5 Bxd5 27. exd5
Bxf4 28. Bxf4 Kg7 29. Bd2 f6 30. a4 Reb8 31. axb5 axb5 32. Rxa8 Rxa8 33. Kg1
Ra2 34. b3 Ra1+ 35. Kf2 Rd1 36. Ke2 Rg1 37. Kf2 Rd1 38. Bc3 Rc1 39. Bd2 Rh1 40.
Bxb5 Rxh2 41. Bxd7 g5 42. Be6 Rh1 43. c3 1-0

[Event "Calvia Open Aficionados 2015"]
[Site "Calvia ESP"]
[Date "2015.10.18"]
[Round "9.14"]
[White "Frey, Armin"]
[Black "Guski, Dietmar"]
[Result "1-0"]
[WhiteElo "1967"]
[BlackElo "2046"]
[PlyCount "61"]
[EventDate "2015.10.10"]
[EventType "swiss"]
[EventRounds "9"]
[EventCountry "ESP"]
[Source "lmi"]
[SourceDate "2015.10.10"]

1. f4 Nf6 2. Nf3 g6 3. Nc3 d5 4. e3 Bg7 5. d4 O-O 6. Bd3 c5 7. dxc5 Qa5 8. O-O
Qxc5 9. Kh1 Nc6 10. Qe1 a6 11. h3 Qd6 12. e4 dxe4 13. Nxe4 Nxe4 14. Bxe4 Bf5
15. Bxf5 gxf5 16. c3 Rad8 17. Be3 Qd3 18. Bb6 Rd5 19. Rd1 Qb5 20. Qf2 Rxd1 21.
Rxd1 Qa4 22. Rd7 Qxf4 23. Rxb7 e5 24. Nh4 Qc1+ 25. Kh2 f4 26. Nf5 Bf6 27. Qf3
Qc2 28. Nh6+ Kg7 29. Qxc6 Bh4 30. Ng4 e4 31. Qh6+ 1-0

[Event "Calvia Open Aficionados 2015"]
[Site "Calvia ESP"]
[Date "2015.10.18"]
[Round "9.19"]
[White "Nazarov, Alexander"]
[Black "Juan Mas, Santiago"]
[Result "1-0"]
[WhiteElo "1891"]
[BlackElo "1963"]
[PlyCount "67"]
[EventDate "2015.10.10"]
[EventType "swiss"]
[EventRounds "9"]
[EventCountry "ESP"]
[Source "lmi"]
[SourceDate "2015.10.10"]

1. d4 Nf6 2. Nf3 d6 3. c4 g6 4. Nc3 Bg7 5. e4 O-O 6. Be2 Bg4 7. h3 Bxf3 8. Bxf3
Nfd7 9. e5 Nc6 10. Bxc6 bxc6 11. exd6 cxd6 12. O-O e6 13. Rb1 a5 14. Bf4 Qe7
15. Re1 Rfd8 16. Qd2 Nf6 17. a3 Qa7 18. d5 cxd5 19. cxd5 e5 20. Be3 Qb7 21. b4
axb4 22. axb4 Rdc8 23. b5 Rc4 24. b6 Rac8 25. Nb5 Ne4 26. Qa5 Ra8 27. Na7 Nc5
28. Red1 e4 29. Qb5 Rc3 30. Qc6 Be5 31. Bxc5 Qb8 32. b7 Rxa7 33. Qc8+ Kg7 34.
Qxb8 1-0

[Event "Calvia Open Aficionados 2015"]
[Site "Calvia ESP"]
[Date "2015.10.18"]
[Round "9.25"]
[White "Banuelos Rodenas, Arturo"]
[Black "Friedrich, Gerhard"]
[Result "1/2-1/2"]
[WhiteElo "1715"]
[BlackElo "1940"]
[PlyCount "33"]
[EventDate "2015.10.10"]
[EventType "swiss"]
[EventRounds "9"]
[EventCountry "ESP"]
[Source "lmi"]
[SourceDate "2015.10.10"]

1. c4 c5 2. Nf3 Nc6 3. Nc3 Nf6 4. g3 g6 5. Bg2 Bg7 6. O-O O-O 7. d4 cxd4 8.
Nxd4 Ng4 9. Nxc6 dxc6 10. Qc2 Qc7 11. b3 Be6 12. Bb2 Rad8 13. Rad1 Rxd1 14.
Rxd1 Rd8 15. Na4 h5 16. Bxg7 Kxg7 17. h3 1/2-1/2

[Event "Calvia Open Aficionados 2015"]
[Site "Calvia ESP"]
[Date "2015.10.18"]
[Round "9.26"]
[White "Haddad Filho, Paulo Ibrahim"]
[Black "Burg, Henk"]
[Result "1-0"]
[WhiteElo "1910"]
[BlackElo "1795"]
[PlyCount "57"]
[EventDate "2015.10.10"]
[EventType "swiss"]
[EventRounds "9"]
[EventCountry "ESP"]
[Source "lmi"]
[SourceDate "2015.10.10"]

1. d4 Nf6 2. Nf3 b6 3. g3 Bb7 4. Bg2 e6 5. c4 Be7 6. Nc3 O-O 7. d5 exd5 8. Nh4
d6 9. Nf5 Nbd7 10. cxd5 Bc8 11. Nd4 Bb7 12. O-O Ne5 13. f4 Ng6 14. e4 Rc8 15.
Ncb5 c5 16. dxc6 Bxc6 17. Nxc6 Rxc6 18. e5 Rc5 19. exf6 Bxf6 20. Nxd6 Qc7 21.
Ne4 Rc2 22. Nxf6+ gxf6 23. Be3 Rd8 24. Qg4 Kh8 25. Rac1 Re8 26. Rxc2 Qxc2 27.
Bd4 Re2 28. Bxf6+ Kg8 29. Qf3 1-0

[Event "Calvia Open Aficionados 2015"]
[Site "Calvia ESP"]
[Date "2015.10.18"]
[Round "9.27"]
[White "Ballester Cladera, Antonio"]
[Black "Andreu Lopez, Santiago"]
[Result "1-0"]
[WhiteElo "1786"]
[BlackElo "1903"]
[PlyCount "101"]
[EventDate "2015.10.10"]
[EventType "swiss"]
[EventRounds "9"]
[EventCountry "ESP"]
[Source "lmi"]
[SourceDate "2015.10.10"]

1. e4 c5 2. Nf3 e6 3. d4 cxd4 4. Nxd4 a6 5. Nc3 Qc7 6. Be3 Ba3 7. Ndb5 axb5 8.
Nxb5 Qa5+ 9. Bd2 Bb4 10. Nd6+ Kd8 11. Nxf7+ Ke8 12. Nxh8 Bxd2+ 13. Qxd2 Qxd2+
14. Kxd2 Nf6 15. e5 Ng4 16. f4 Kf8 17. h3 Nh6 18. Bd3 Kg8 19. Ng6 hxg6 20. Bxg6
Nc6 21. a3 b6 22. g4 Bb7 23. Be4 Rc8 24. Ke3 Rc7 25. Rhd1 Kf8 26. b4 Ke7 27. c4
Nf7 28. Bg6 Ncd8 29. Rac1 d6 30. exd6+ Nxd6 31. c5 bxc5 32. bxc5 Ne8 33. g5 Bd5
34. h4 Ra7 35. Rc3 Nc7 36. h5 Nc6 37. h6 gxh6 38. gxh6 Kf6 39. Bb1 Nb5 40. Rcd3
Nxa3 41. Rxd5 exd5 42. Bd3 Nc4+ 43. Bxc4 dxc4 44. Rd6+ Kf5 45. Rxc6 Re7+ 46.
Kd2 Ke4 47. Rd6 Kxf4 48. Kc3 Ke5 49. Kxc4 Rb7 50. c6 Rb1 51. Rd7 1-0

[Event "Calvia Open Aficionados 2015"]
[Site "Calvia ESP"]
[Date "2015.10.18"]
[Round "9.28"]
[White "Cerdo Fernandez, Miguel"]
[Black "Abrines Sampol, Lorenzo"]
[Result "1/2-1/2"]
[WhiteElo "1892"]
[BlackElo "1707"]
[PlyCount "110"]
[EventDate "2015.10.10"]
[EventType "swiss"]
[EventRounds "9"]
[EventCountry "ESP"]
[Source "lmi"]
[SourceDate "2015.10.10"]

1. e4 c5 2. Nf3 Nc6 3. d4 cxd4 4. Nxd4 a6 5. Bc4 e6 6. O-O Bc5 7. Be3 Nxd4 8.
Bxd4 Bxd4 9. Qxd4 Nf6 10. e5 Nd5 11. Bxd5 exd5 12. Qxd5 O-O 13. Nc3 Qe7 14. f4
Qb4 15. Rab1 Rb8 16. Ne4 b6 17. c3 Qa4 18. Nd6 Qc6 19. Nxc8 Rfxc8 20. Rbd1 Qa4
21. Rd4 Qc2 22. Rd2 Qa4 23. b3 Qa3 24. c4 b5 25. cxb5 axb5 26. Qxd7 Qc5+ 27.
Kh1 Ra8 28. Rfd1 g6 29. e6 Rc7 30. exf7+ Kf8 31. Qe6 Rxf7 32. Qe4 Re8 33. Rd8
Rxd8 34. Rxd8+ Kg7 35. Qd4+ Qxd4 36. Rxd4 Re7 37. Kg1 Re2 38. a4 Rb2 39. Rd5
bxa4 40. bxa4 Rb4 41. a5 Rxf4 42. a6 Ra4 43. Rd7+ Kf6 44. a7 h5 45. Kf2 Ra3 46.
g3 Ke6 47. Rb7 Kf5 48. h3 Ke4 49. Rb4+ Kd5 50. Rb7 Ke4 51. Re7+ Kd4 52. Rc7 Ke4
53. Ke2 Ra2+ 54. Kd1 Kf3 55. Rc3+ Ke4 1/2-1/2

[Event "Calvia Open Aficionados 2015"]
[Site "Calvia ESP"]
[Date "2015.10.18"]
[Round "9.32"]
[White "Hardwick, A William"]
[Black "Boix Pons, Catalina"]
[Result "0-1"]
[WhiteElo "1517"]
[BlackElo "1813"]
[PlyCount "56"]
[EventDate "2015.10.10"]
[EventType "swiss"]
[EventRounds "9"]
[EventCountry "ESP"]
[Source "lmi"]
[SourceDate "2015.10.10"]

1. e4 c5 2. Nf3 d6 3. d4 cxd4 4. Nxd4 Nf6 5. Nc3 a6 6. Be2 g6 7. O-O Bg7 8. b3
Nc6 9. Nf3 O-O 10. Rb1 b5 11. a3 Bb7 12. Bd3 Rc8 13. Ne2 Na5 14. Ng3 Nd7 15.
Bb2 Bxb2 16. Rxb2 Qc7 17. Ne2 Rfd8 18. Qd2 d5 19. Qh6 dxe4 20. Ng5 Nf6 21. b4
exd3 22. cxd3 Nc6 23. g3 Qe5 24. Nf4 Qxb2 25. Nfe6 fxe6 26. Nxe6 Nh5 27. d4
Nxd4 28. Ng5 Ne2# 0-1

[Event "Calvia Open Aficionados 2015"]
[Site "Calvia ESP"]
[Date "2015.10.18"]
[Round "9.40"]
[White "Molet, Asher"]
[Black "Grindbakken, Erik"]
[Result "0-1"]
[WhiteElo "1665"]
[BlackElo "1455"]
[PlyCount "62"]
[EventDate "2015.10.10"]
[EventType "swiss"]
[EventRounds "9"]
[EventCountry "ESP"]
[Source "lmi"]
[SourceDate "2015.10.10"]

1. d4 f5 2. Nc3 Nf6 3. Bf4 e6 4. e3 Bb4 5. a3 Bxc3+ 6. bxc3 O-O 7. Bd3 b6 8.
Qe2 Bb7 9. Nf3 Ne4 10. c4 d6 11. O-O Nd7 12. Bxe4 fxe4 13. Nd2 Qf6 14. Qg4 Qf5
15. Qxf5 Rxf5 16. g4 Rf7 17. c3 Re8 18. Rab1 Bc6 19. Nb3 Nf8 20. h3 Ng6 21. Bg3
Kf8 22. Rb2 Ke7 23. Ra1 Rh8 24. c5 h5 25. Kg2 hxg4 26. hxg4 Nh4+ 27. Bxh4+ Rxh4
28. Kg3 g5 29. Rbb1 Rf3+ 30. Kg2 Rxg4+ 31. Kf1 Bb5+ 0-1

[Event "Calvia Open Aficionados 2015"]
[Site "Calvia ESP"]
[Date "2015.10.18"]
[Round "9.44"]
[White "Trave De Gonzalo, Guiem"]
[Black "Steinschuld, Jo"]
[Result "0-1"]
[WhiteElo "1534"]
[BlackElo "1591"]
[PlyCount "50"]
[EventDate "2015.10.10"]
[EventType "swiss"]
[EventRounds "9"]
[EventCountry "ESP"]
[Source "lmi"]
[SourceDate "2015.10.10"]

1. e4 e5 2. Nf3 Nc6 3. Nc3 Nf6 4. Be2 Bc5 5. Nxe5 Nxe5 6. d4 Bd6 7. dxe5 Bxe5
8. O-O h6 9. f4 Bxc3 10. e5 Ba5 11. exf6 Qxf6 12. c3 O-O 13. Be3 Bb6 14. Bxb6
Qxb6+ 15. Kh1 Qxb2 16. Qd3 d6 17. h3 Bd7 18. Rf3 Qxa1+ 19. Kh2 Rae8 20. Rg3 Qe1
21. Qd4 f6 22. Bc4+ Kh8 23. Qd3 Qe4 24. Qd1 Qxc4 25. Qh5 Qf7 0-1

[Event "Calvia Open Aficionados 2015"]
[Site "Calvia ESP"]
[Date "2015.10.18"]
[Round "9.45"]
[White "Barranco Tejedor, Alejandro"]
[Black "Nettleton, Robin"]
[Result "0-1"]
[WhiteElo "1364"]
[BlackElo "1335"]
[PlyCount "74"]
[EventDate "2015.10.10"]
[EventType "swiss"]
[EventRounds "9"]
[EventCountry "ESP"]
[Source "lmi"]
[SourceDate "2015.10.10"]

1. e4 e5 2. Nf3 Nc6 3. Nc3 a6 4. Bc4 Bc5 5. O-O d6 6. h3 Nd4 7. d3 Nxf3+ 8.
Qxf3 Qf6 9. Qxf6 Nxf6 10. Nd5 Nxd5 11. Bxd5 c6 12. Bb3 Ke7 13. Be3 Bxe3 14.
fxe3 Be6 15. Bxe6 Kxe6 16. d4 f6 17. Rad1 Rad8 18. d5+ cxd5 19. exd5+ Ke7 20.
e4 b5 21. b3 Rc8 22. Rf2 Rc3 23. Rd3 Rhc8 24. Rxc3 Rxc3 25. Re2 g6 26. g4 Rxh3
27. Rh2 Rg3+ 28. Rg2 Rxg2+ 29. Kxg2 Kd7 30. c4 bxc4 31. bxc4 Kc7 32. a4 Kb6 33.
a5+ Kc5 34. Kh3 Kxc4 35. Kh4 Kd4 36. g5 fxg5+ 37. Kxg5 Kxe4 0-1